Teatro

Salvato in:
Dettagli Bibliografici
Autore principale: Chejov, Anton Pavlovich (Autore)
Natura: Libro
Lingua:spagnolo
Pubblicazione: Moscú En Lenguas Extranjeras 1946
Soggetti:
Tags: Aggiungi Tag
Nessun Tag, puoi essere il primo ad aggiungerne!!

MARC

LEADER 00000nam a2200000 a 4500
001 UCZ1607
003 CL-VaPUC
008 950831e19460000RU |||||||||||||||||spa|d
082 0 4 |a 891.703  |b CHE  |2 21 
100 0 |a Chejov, Anton Pavlovich  |e author  |9 345219 
245 1 0 |a Teatro 
246 1 3 |a La gaviota 
246 1 3 |a El tío Vania 
246 1 4 |a Las tres hermanas 
246 1 3 |a El jardín de los cerezos 
300 |a 310 p 
942 |c BK 
945 |d 19950831 00:00:00  |a awong 
260 |a Moscú  |b En Lenguas Extranjeras  |c 1946 
650 0 |a Dramas rusos  |9 267682 
650 0 |a Literatura rusa  |9 318370 
583 |a last modification  |c 20120904 09:03:45  |k Rodrigo Vera 
999 |c 238335  |d 238333 
952 |0 0  |1 0  |4 0  |6 891_703000000000000_CHE_1946  |7 0  |8 A  |9 248471  |a BIBEDU  |b BIBEDU  |d 2019-11-18  |i 3121593  |o 891.703 CHE 1946  |p 3121593  |r 2019-11-18  |w 2019-11-18  |y BK  |k LIT